| 000 | 00747nam a22002177a 4500 | ||
|---|---|---|---|
| 999 |
_c14871 _d14871 |
||
| 003 | AR-CdUCM | ||
| 008 | 190424b ||||| |||| 00| 0 spa d | ||
| 020 | _a978-84-9825-979-7 | ||
| 040 |
_aMUNICIPALIDAD PROVINCIAL DEL CUSCO _cBIBLIOTECA MUNICIPAL DEL CUSCO |
||
| 082 |
_aEP / 372 / _bA33 |
||
| 100 |
_aAlsina, Angel _933457 |
||
| 245 |
_aMate Cracks : _b¡Para ser unos buenos matemáticos ! 6 años / |
||
| 260 |
_aBarcelona : _bCombel editorial, _c2015. |
||
| 300 |
_a32 paginas ; _bIlustraciones, graficos, dibujos _c 28 cm. |
||
| 500 | _aTexto de aprendizaje. | ||
| 650 |
_aInfantil matemática _933812 |
||
| 650 |
_aTextos _94584 |
||
| 700 |
_aFanlo, África (ilustraciones) _933825 |
||
| 942 |
_2ddc _cLIBROS |
||
| 945 |
_acmm _d2019-04-25 |
||